Religión y alienación : lectura teológica de la sociología /

Αποθηκεύτηκε σε:
Λεπτομέρειες βιβλιογραφικής εγγραφής
Κύριος συγγραφέας: Baum, Gregory (autor)
Μορφή: Βιβλίο
Γλώσσα:Ισπανικά
Έκδοση: Madrid, España : Ediciones Cristiandad, 1980, c1980
Σειρά:(Academia Christiana ; 8)
Θέματα:
Ετικέτες: Προσθήκη ετικέτας
Δεν υπάρχουν, Καταχωρήστε ετικέτα πρώτοι!

MARC

LEADER 00000nam^a2200000^a^4500
001 000132602
005 20250521000000.0
009 20260310095105.048
020 |a 84-7057-279-2 
037 |a Acervo ITESO - Biblioteca 
041 |a ESP 
082 |a 261. 5  |b BAU 
100 |a Baum, Gregory  |e (autor) 
245 1 0 |a Religión y alienación :  |b lectura teológica de la sociología /  |c G. Baum ; tr. por J. Valiente Malla. 
264 4 |a Madrid, España :  |b Ediciones Cristiandad,  |c 1980, c1980 
300 |a 318 p. 
336 |a texto  |b txt  |2 rdacontenido 
337 |a sin mediación  |b n  |2 rdamedio 
338 |a volumen  |b nc  |2 rdasoporte 
440 1 |a (Academia Christiana ;  |v 8) 
500 |a Traducción de: Religion and Alienation: A Theological Reading of Sociology 
649 |a XX 
650 |a Alienación 
650 |a Secularización 
650 |a Cielo 
650 |a Escatología (Filosofía) 
650 |a Catolicismo 
650 |a Cristianismo y Sociedad 
650 |a Idealismo -  |x Historia y Crítica 
650 |a Marxismo -  |x Historia y Crítica 
650 |a Positivismo -  |x Historia y Crítica 
650 |a Filosofía y Religión 
650 |a Psicoanálisis y Religión 
650 |a Teología -  |x Tema Principal 
650 |a Sociología -  |x Tema Principal 
650 |a Religión -  |x Tema Principal 
910 |a Fondo General 
920 |a Impresos - Libros 
930 |a Colección General 
905 |a 101 
901 |a 0500061628  |b IT1  |c ACC  |u 20250521 
902 |a https://opac.biblio.iteso.mx/vufind/Record/000132602